[Event "Sea festival 2021 A"]
[Site "Klaipeda"]
[Date "2021.07.19"]
[Round "1.1"]
[White "Michailov, Andrej"]
[Black "Salna, Aleksandras"]
[Result "0-1"]
[WhiteElo "1645"]
[BlackElo "2166"]
[PlyCount "54"]
[EventDate "2021.07.19"]
[EventRounds "7"]
[EventCountry "LTU"]

1. d4 Nf6 2. Nf3 c5 3. g3 cxd4 4. Nxd4 e5 5. Nb3 d5 6. Bg2 Bb4+ 7. Bd2 a5 8.
Bxb4 axb4 9. Qd2 Nc6 10. O-O O-O 11. c3 Qb6 12. Bxd5 Rd8 13. c4 Ne7 14. Qg5
Nexd5 15. cxd5 Rxd5 16. N1d2 Bh3 17. Rfc1 Rad8 18. Nc4 Qxf2+ 19. Kxf2 Ne4+ 20.
Ke3 Nxg5 21. Nca5 f5 22. Rc4 b5 23. Rxb4 Bg4 24. Rc1 Nh3 25. Nc6 Re8 26. a3 Rd6
27. Rxb5 f4+ 0-1

[Event "Sea festival 2021 A"]
[Site "Klaipeda"]
[Date "2021.07.19"]
[Round "1.2"]
[White "Pidluznij, Gleb"]
[Black "Scekaciov, Rostislav"]
[Result "1-0"]
[WhiteElo "2017"]
[BlackElo "1644"]
[PlyCount "89"]
[EventDate "2021.07.19"]
[EventRounds "7"]
[EventCountry "LTU"]

1. d4 Nf6 2. Bg5 e6 3. e4 c5 4. d5 h6 5. Bxf6 Qxf6 6. Nc3 d6 7. Bb5+ Nd7 8.
dxe6 fxe6 9. Nf3 a6 10. e5 Qe7 11. exd6 Qxd6 12. Bd3 Be7 13. Bg6+ Kd8 14. Qxd6
Bxd6 15. O-O-O Kc7 16. Rhe1 Nf6 17. Bf7 Rf8 18. Bxe6 Bxe6 19. Rxe6 Rad8 20. a4
Bf4+ 21. Kb1 Rxd1+ 22. Nxd1 Re8 23. Rxe8 Nxe8 24. g3 Bd6 25. Ne3 Nf6 26. Nf5
Ng4 27. Nxg7 Nxf2 28. Nf5 Ng4 29. h3 Nf6 30. g4 Bf4 31. Nxh6 Bxh6 32. g5 Bxg5
33. Nxg5 Kd6 34. Ka2 b5 35. a5 Kd5 36. Kb3 Kc6 37. h4 Kd5 38. Nh3 Ke4 39. c4 b4
40. Ng5+ Kd3 41. h5 Nxh5 42. Ne6 Nf6 43. Nxc5+ Kd4 44. Nxa6 Ne4 45. Kxb4 1-0

[Event "Sea festival 2021 A"]
[Site "Klaipeda"]
[Date "2021.07.19"]
[Round "1.3"]
[White "Barsciauskas, Gintautas"]
[Black "Sibajeva, Marija"]
[Result "0-1"]
[WhiteElo "1611"]
[BlackElo "1933"]
[PlyCount "94"]
[EventDate "2021.07.19"]
[EventRounds "7"]
[EventCountry "LTU"]

1. d4 Nf6 2. c4 g6 3. Nc3 d5 4. Qb3 dxc4 5. Qxc4 c6 6. e3 Be6 7. Qd3 Na6 8. a3
Qa5 9. Rb1 Bf5 10. b4 Bxd3 11. bxa5 Bxb1 12. Nxb1 Nc7 13. Bd3 Bg7 14. Nf3 O-O
15. Ke2 Nd7 16. Bd2 e5 17. Bc3 Rfe8 18. Bc4 exd4 19. Bxd4 Bxd4 20. Nxd4 Ne5 21.
Bb3 c5 22. Nc2 b5 23. axb6 axb6 24. Nc3 b5 25. Nd5 Nxd5 26. Bxd5 Rad8 27. e4
Nc4 28. Kd3 Nb6 29. Ne3 Nxd5 30. Nxd5 Kg7 31. f3 Ra8 32. Ra1 Ra7 33. Kc2 f5 34.
Nc3 b4 35. Nb5 Ra5 36. a4 fxe4 37. Nd6 Rea8 38. Kb3 exf3 39. gxf3 Rf8 40. Rf1
Rd8 41. Rd1 Kf8 42. Rd2 Ke7 43. Nc4 Rxd2 44. Nxd2 Ke6 45. Nc4 Ra6 46. a5 Kd5
47. Nb6+ Rxb6 0-1

[Event "Sea festival 2021 A"]
[Site "Klaipeda"]
[Date "2021.07.19"]
[Round "1.4"]
[White "Januseviciute, Donata"]
[Black "Galuscak, Viktoras"]
[Result "1/2-1/2"]
[WhiteElo "1505"]
[BlackElo "1883"]
[PlyCount "79"]
[EventDate "2021.07.19"]
[EventRounds "7"]
[EventCountry "LTU"]

1. d4 Nf6 2. c4 e6 3. Nf3 Bb4+ 4. Bd2 Qe7 5. a3 Bxd2+ 6. Nbxd2 d6 7. e4 e5 8.
d5 a5 9. Bd3 O-O 10. O-O Nh5 11. b4 Nf4 12. Bc2 Qf6 13. Kh1 Bg4 14. c5 Qh6 15.
Nc4 axb4 16. axb4 Rxa1 17. Qxa1 Nxg2 18. Ng1 Nf4 19. Qa3 Na6 20. Rb1 Bc8 21.
Qg3 Qf6 22. cxd6 cxd6 23. Ba4 Qd8 24. Qe3 Bd7 25. Bxd7 Qxd7 26. Ne2 Nxe2 27.
Qxe2 f5 28. f3 Qc7 29. Qd3 Rc8 30. Ne3 f4 31. Nf1 Qc2 32. Qb3 Qf2 33. Qa4 Qxf3+
34. Kg1 Qg4+ 35. Kf2 Qh4+ 36. Ke2 Qg4+ 37. Kf2 Qh4+ 38. Ke2 Qh5+ 39. Kf2 Qh4+
40. Ke2 1/2-1/2

[Event "Sea festival 2021 A"]
[Site "Klaipeda"]
[Date "2021.07.19"]
[Round "1.5"]
[White "Zirnovas, Martynas"]
[Black "Vaiciunas, Giedrius"]
[Result "0-1"]
[WhiteElo "1834"]
[BlackElo "1475"]
[PlyCount "50"]
[EventDate "2021.07.19"]
[EventRounds "7"]
[EventCountry "LTU"]

1. e4 e6 2. d4 d5 3. Nc3 Nf6 4. e5 Nfd7 5. f4 c5 6. Nf3 Nc6 7. Be3 Qb6 8. Na4
Qa5+ 9. c3 cxd4 10. Nxd4 Nxd4 11. Bxd4 b5 12. Bd3 bxa4 13. b4 Bxb4 14. Qc2 Bc5
15. O-O Ba6 16. f5 Bxd4+ 17. cxd4 Rc8 18. Qe2 Bxd3 19. Qxd3 Qc3 20. Qa6 Qxd4+
21. Kh1 O-O 22. fxe6 Nxe5 23. e7 Rfe8 24. Rac1 Rxc1 25. Rxc1 Ng4 0-1

[Event "Sea festival 2021 A"]
[Site "Klaipeda"]
[Date "2021.07.19"]
[Round "1.6"]
[White "Jadenkus, Henrikas"]
[Black "Pakalniskis, Romas"]
[Result "1-0"]
[WhiteElo "1919"]
[BlackElo "1563"]
[PlyCount "93"]
[EventDate "2021.07.19"]
[EventRounds "7"]
[EventCountry "LTU"]

1. d4 Nf6 2. e3 d5 3. Bd2 Bg4 4. f3 Bh5 5. c4 e6 6. Qb3 Qc8 7. Nc3 c6 8. Bd3
Bg6 9. Bxg6 hxg6 10. e4 dxc4 11. Qxc4 Nbd7 12. Nh3 b5 13. Qb3 a6 14. Rc1 Qb7
15. Ng5 c5 16. Be3 c4 17. Qc2 Rc8 18. Nxe6 fxe6 19. e5 Nd5 20. Qxg6+ Kd8 21.
Bg5+ Kc7 22. Qxe6 Nxc3 23. bxc3 Qc6 24. Qf7 Ba3 25. d5 Qc5 26. e6 Qxd5 27.
Qxd7+ Qxd7 28. exd7 Kxd7 29. Rd1+ Kc6 30. Kd2 Rce8 31. h4 Re6 32. Rhe1 Rhe8 33.
Rxe6+ Rxe6 34. Re1 Rxe1 35. Kxe1 Kd5 36. h5 Ke6 37. Kd2 Bc5 38. Be3 Bd6 39. Bd4
Bf8 40. g4 a5 41. Bb6 a4 42. Bd4 Kf7 43. Ke3 Ba3 44. Ke4 Be7 45. Kd5 Bf8 46.
Be3 Be7 47. Kc6 1-0

[Event "Sea festival 2021 A"]
[Site "Klaipeda"]
[Date "2021.07.19"]
[Round "1.7"]
[White "Sevcenko, Piotr"]
[Black "Leclere, Daniel"]
[Result "0-1"]
[WhiteElo "1162"]
[BlackElo "1792"]
[PlyCount "80"]
[EventDate "2021.07.19"]
[EventRounds "7"]
[EventCountry "LTU"]

1. e4 e5 2. Nf3 Nc6 3. Bc4 Bc5 4. O-O Nf6 5. d3 a6 6. Be3 Ba7 7. Bxa7 Rxa7 8.
Nc3 d6 9. h3 O-O 10. d4 exd4 11. Nxd4 Ne5 12. Be2 c5 13. Nf3 b5 14. Nxe5 dxe5
15. Qc1 b4 16. Rd1 Rd7 17. Na4 Qa5 18. Rxd7 Bxd7 19. b3 Bxa4 20. bxa4 Nxe4 21.
Qe3 Nf6 22. Qd3 Qxa4 23. Qxa6 Qxc2 24. Bd3 Qd2 25. Bc4 Ne4 26. Rf1 Qd4 27. Bb3
g6 28. Qe2 Ng3 29. Qe1 Nxf1 30. Qxf1 e4 31. Kh2 Kg7 32. f4 exf3 33. Qxf3 c4 34.
Bc2 Qc3 35. Qe4 Rd8 36. Ba4 Rd6 37. Qf4 Re6 38. Bb5 Qe5 39. Qxe5+ Rxe5 40. Bxc4
f5 0-1

[Event "Sea festival 2021 A"]
[Site "Klaipeda"]
[Date "2021.07.20"]
[Round "2.1"]
[White "Salna, Aleksandras"]
[Black "Jadenkus, Henrikas"]
[Result "1-0"]
[WhiteElo "2166"]
[BlackElo "1919"]
[PlyCount "89"]
[EventDate "2021.07.19"]
[EventRounds "7"]
[EventCountry "LTU"]

1. Nf3 f5 2. d3 Nf6 3. e4 d6 4. exf5 Bxf5 5. d4 e6 6. Bd3 Be7 7. Bxf5 exf5 8.
Qd3 Qd7 9. O-O Ne4 10. Nbd2 Nxd2 11. Bxd2 Nc6 12. d5 Ne5 13. Nxe5 dxe5 14. Bc3
e4 15. Qg3 Bf6 16. Be5 O-O-O 17. Bxf6 gxf6 18. c4 Rhg8 19. Qe3 Kb8 20. Rad1 Rg4
21. c5 Rdg8 22. g3 f4 23. Qb3 c6 24. dxc6 Qxc6 25. Qd5 e3 26. fxe3 fxg3 27. h3
Qxd5 28. Rxd5 R4g6 29. Kg2 Re8 30. Rf3 Kc7 31. Rd3 Re5 32. b4 a5 33. a3 axb4
34. axb4 Kc6 35. Rd6+ Kc7 36. Rdxf6 Rxf6 37. Rxf6 Rxe3 38. Rf7+ Kc6 39. Rxh7
Rb3 40. Rh6+ Kd5 41. Rb6 Ke4 42. Rxb7 Kf4 43. Rf7+ Ke5 44. c6 Rxb4 45. c7 1-0

[Event "Sea festival 2021 A"]
[Site "Klaipeda"]
[Date "2021.07.20"]
[Round "2.2"]
[White "Leclere, Daniel"]
[Black "Pidluznij, Gleb"]
[Result "0-1"]
[WhiteElo "1792"]
[BlackElo "2017"]
[PlyCount "86"]
[EventDate "2021.07.19"]
[EventRounds "7"]
[EventCountry "LTU"]

1. e4 c5 2. Nf3 Nc6 3. Bb5 Nf6 4. Nc3 Qc7 5. O-O Nd4 6. Re1 a6 7. e5 Nxb5 8.
exf6 gxf6 9. Nd5 Qd6 10. c4 Nc7 11. Nc3 Ne6 12. d3 b5 13. cxb5 axb5 14. Nxb5
Qc6 15. Nc3 Bb7 16. Be3 Rg8 17. Kh1 f5 18. Rg1 f4 19. Bd2 Nd4 20. Ne4 Nxf3 21.
Qxf3 f5 22. Qh5+ Qg6 23. Qxg6+ Rxg6 24. Nxc5 Bd5 25. f3 d6 26. Nb3 Ra4 27. Rge1
e5 28. Nc1 Kd8 29. Ne2 Rxa2 30. Rxa2 Bxa2 31. Nc3 Bf7 32. Ra1 Be7 33. Ra8+ Kd7
34. Ra7+ Ke8 35. b4 d5 36. b5 Rb6 37. Ra6 Rb7 38. b6 Bc5 39. Na4 Bd4 40. Ba5
Kd7 41. g3 Bh5 42. Kg2 e4 43. gxf4 exf3+ 0-1

[Event "Sea festival 2021 A"]
[Site "Klaipeda"]
[Date "2021.07.20"]
[Round "2.3"]
[White "Sibajeva, Marija"]
[Black "Vaiciunas, Giedrius"]
[Result "1-0"]
[WhiteElo "1933"]
[BlackElo "1475"]
[PlyCount "109"]
[EventDate "2021.07.19"]
[EventRounds "7"]
[EventCountry "LTU"]

1. e4 e6 2. d4 d5 3. Nd2 Nf6 4. e5 Nfd7 5. Bd3 c5 6. c3 Nc6 7. Ndf3 Qb6 8. Ne2
cxd4 9. cxd4 Bb4+ 10. Bd2 Bxd2+ 11. Qxd2 Qb4 12. a3 Qxd2+ 13. Nxd2 Ke7 14. Rc1
a6 15. O-O f5 16. exf6+ gxf6 17. f4 f5 18. Nb3 Nf6 19. Nc5 Ne4 20. Nxa6 Bd7 21.
Nc5 b6 22. Nxd7 Kxd7 23. Bb5 Rhc8 24. Rc2 Kd6 25. Rfc1 Ne7 26. Nc3 Nxc3 27.
Rxc3 Rxc3 28. Rxc3 Rc8 29. Rxc8 Nxc8 30. Kf2 Na7 31. Bd3 Nc6 32. Ke3 h6 33. b4
Ke7 34. Be2 Kf6 35. Kd3 Ke7 36. Kc3 Kd6 37. a4 Kc7 38. h3 Ne7 39. Bh5 Kd7 40.
g4 fxg4 41. hxg4 Nc8 42. g5 hxg5 43. fxg5 Nd6 44. Bg6 Nc4 45. Bd3 Nd6 46. g6
Ke7 47. a5 bxa5 48. bxa5 Nc8 49. Kb4 Kf6 50. Kc5 Kg7 51. a6 Kf6 52. Kc6 e5 53.
dxe5+ Kxe5 54. Kc7 Na7 55. g7 1-0

[Event "Sea festival 2021 A"]
[Site "Klaipeda"]
[Date "2021.07.20"]
[Round "2.5"]
[White "Scekaciov, Rostislav"]
[Black "Zirnovas, Martynas"]
[Result "1/2-1/2"]
[WhiteElo "1644"]
[BlackElo "1834"]
[PlyCount "93"]
[EventDate "2021.07.19"]
[EventRounds "7"]
[EventCountry "LTU"]

1. Nf3 Nf6 2. g3 g6 3. Bg2 Bg7 4. O-O O-O 5. d4 d6 6. c4 Nc6 7. Nc3 e5 8. d5
Ne7 9. e4 Nd7 10. b4 a5 11. b5 f5 12. Qc2 Nc5 13. Be3 fxe4 14. Nd2 Nf5 15. Bxc5
dxc5 16. Ndxe4 Nd4 17. Qd3 b6 18. Rad1 Bh6 19. Ne2 Bg4 20. Nxd4 exd4 21. Rde1
Bf5 22. h3 Kh8 23. f4 g5 24. g4 Bxe4 25. Bxe4 gxf4 26. Bxh7 f3 27. Bf5 Be3+ 28.
Rxe3 dxe3 29. Qxe3 Qf6 30. Rxf3 Rae8 31. Qf2 Qd4 32. Qxd4+ cxd4 33. Rd3 Re2 34.
Rxd4 Rfe8 35. Be6 Rf8 36. Bf5 Rfe8 37. Be6 Rxa2 38. Rf4 Rc2 39. g5 a4 40. Rf7
a3 41. g6 Rxe6 42. dxe6 Rc1+ 43. Kf2 a2 44. e7 Re1 45. Kxe1 a1=Q+ 46. Kd2 Qd4+
47. Ke1 1/2-1/2

[Event "Sea festival 2021 A"]
[Site "Klaipeda"]
[Date "2021.07.20"]
[Round "2.6"]
[White "Pakalniskis, Romas"]
[Black "Michailov, Andrej"]
[Result "0-1"]
[WhiteElo "1563"]
[BlackElo "1645"]
[PlyCount "106"]
[EventDate "2021.07.19"]
[EventRounds "7"]
[EventCountry "LTU"]

1. e4 e5 2. Nf3 Nc6 3. Bc4 Nf6 4. d3 Be7 5. c3 O-O 6. Bb3 d5 7. exd5 Nxd5 8. h3
Bf5 9. O-O Nb6 10. Bc2 Qd7 11. Qe2 Bd6 12. Nbd2 Rae8 13. Ne4 Bg6 14. Nh4 Nd5
15. Nxg6 hxg6 16. Qf3 Qf5 17. Qg3 Nf6 18. Nxd6 cxd6 19. Ba4 Nh5 20. Qe3 Nf4 21.
Bc2 Rc8 22. Bb1 Rfe8 23. Re1 Qf6 24. Qf3 g5 25. Kh2 Rcd8 26. Bc2 d5 27. g3 Ne6
28. Qxf6 gxf6 29. Ba4 a6 30. Be3 d4 31. cxd4 b5 32. Bd1 Ncxd4 33. Rc1 Rc8 34.
Kg2 Rxc1 35. Bxc1 Nc5 36. Re3 a5 37. Kf1 Rd8 38. Bd2 Nc6 39. Ke2 Kg7 40. h4 Rh8
41. hxg5 fxg5 42. Bc3 f6 43. a3 b4 44. axb4 axb4 45. Be1 f5 46. Kf1 Kf6 47. Kg2
f4 48. gxf4 gxf4 49. Rf3 Nd4 50. Rh3 Rxh3 51. Kxh3 Nxd3 52. Bxb4 Nxf2+ 53. Kg2
Nxd1 0-1

[Event "Sea festival 2021 A"]
[Site "Klaipeda"]
[Date "2021.07.20"]
[Round "2.7"]
[White "Barsciauskas, Gintautas"]
[Black "Gluchaciov, Nikolaj"]
[Result "0-1"]
[WhiteElo "1611"]
[BlackElo "1714"]
[PlyCount "84"]
[EventDate "2021.07.19"]
[EventRounds "7"]
[EventCountry "LTU"]

1. b3 e5 2. Bb2 d6 3. g3 f5 4. Bg2 Nf6 5. e3 Be7 6. Ne2 O-O 7. d4 e4 8. c4 c6
9. Nbc3 d5 10. h4 Be6 11. Nf4 Bf7 12. c5 Na6 13. Bf1 Nc7 14. Be2 Qd7 15. b4 Ng4
16. a4 Ne6 17. a5 Nxf4 18. gxf4 h5 19. Bxg4 fxg4 20. Kd2 Qd8 21. Qg1 Bxh4 22.
Qh2 Be7 23. Rag1 Qd7 24. Qg3 g6 25. Qg2 Be6 26. Qf1 Kg7 27. a6 b5 28. Qg2 Bf5
29. Ne2 h4 30. Ra1 Rh8 31. Bc3 Kf7 32. Kc2 Rag8 33. Bd2 g5 34. Qg1 g3 35. fxg3
Bg4 36. Rh2 Bxe2 37. Rxe2 gxf4 38. Qf2 f3 39. Qf1 hxg3 40. Rg2 Ke8 41. Rg1 Rh2
42. Kc3 g2 0-1

[Event "Sea festival 2021 A"]
[Site "Klaipeda"]
[Date "2021.07.21"]
[Round "3.3"]
[White "Jadenkus, Henrikas"]
[Black "Michailov, Andrej"]
[Result "1-0"]
[WhiteElo "1919"]
[BlackElo "1645"]
[PlyCount "53"]
[EventDate "2021.07.19"]
[EventRounds "7"]
[EventCountry "LTU"]

1. e4 e5 2. Nf3 Nc6 3. d4 exd4 4. Nxd4 Nf6 5. Nxc6 bxc6 6. e5 Nd5 7. c4 Nb6 8.
b3 g6 9. Bb2 Bg7 10. g3 Qe7 11. Qe2 Ba6 12. Bg2 O-O-O 13. O-O h5 14. Nd2 Rde8
15. Nf3 g5 16. Qd2 g4 17. Qa5 Kb7 18. Nd4 Bxe5 19. Rfe1 Qf6 20. Nxc6 Bxb2 21.
Nb4+ c6 22. Qxa6+ Kb8 23. Rxe8+ Rxe8 24. Rf1 Bd4 25. Nc2 Re2 26. Nxd4 Qxd4 27.
c5 1-0

[Event "Sea festival 2021 A"]
[Site "Klaipeda"]
[Date "2021.07.21"]
[Round "3.4"]
[White "Vaiciunas, Giedrius"]
[Black "Leclere, Daniel"]
[Result "0-1"]
[WhiteElo "1475"]
[BlackElo "1792"]
[PlyCount "86"]
[EventDate "2021.07.19"]
[EventRounds "7"]
[EventCountry "LTU"]

1. d4 d5 2. c4 e6 3. Nc3 Nf6 4. cxd5 exd5 5. Bg5 c6 6. e3 Be7 7. Bd3 Be6 8.
Nge2 Nh5 9. Bxe7 Qxe7 10. Qc2 g6 11. a3 Ng7 12. Nf4 Bf5 13. Bxf5 Nxf5 14. O-O
O-O 15. b4 a6 16. Na4 Nd7 17. Nc5 Nb6 18. Rfe1 Rfe8 19. h3 Nd6 20. Nfd3 Nbc4
21. Nb2 b5 22. Nbd3 Ra7 23. Qe2 a5 24. Ra2 a4 25. Qd1 Qf6 26. Qf3 Qg7 27. Qf4
Nc8 28. Rc1 N8b6 29. Qg3 h5 30. Qg5 Rae7 31. Qf4 Nc8 32. Qg3 N8d6 33. Qf4 g5
34. Qh2 Nf5 35. g3 Ncxe3 36. fxe3 Rxe3 37. Ne5 Nxd4 38. Ncd7 R8xe5 39. Nxe5
Qxe5 40. Qf2 Rxg3+ 41. Kh1 Rxh3+ 42. Kg1 Rg3+ 43. Kh1 Qe4+ 0-1

[Event "Sea festival 2021 A"]
[Site "Klaipeda"]
[Date "2021.07.21"]
[Round "3.6"]
[White "Januseviciute, Donata"]
[Black "Scekaciov, Rostislav"]
[Result "0-1"]
[WhiteElo "1505"]
[BlackElo "1644"]
[PlyCount "42"]
[EventDate "2021.07.19"]
[EventRounds "7"]
[EventCountry "LTU"]

1. d4 Nf6 2. c4 e6 3. g3 c5 4. Nf3 cxd4 5. Nxd4 Nc6 6. Bg2 Be7 7. O-O O-O 8.
Nc3 d5 9. cxd5 Nxd5 10. Nxd5 exd5 11. b3 Nxd4 12. Qxd4 Bf6 13. Qxd5 Qxd5 14.
Bxd5 Bxa1 15. Ba3 Rd8 16. Bxf7+ Kxf7 17. Rxa1 Be6 18. Bc5 b6 19. Be3 Rac8 20.
Bf4 Rc2 21. e4 Rdc8 0-1

[Event "Sea festival 2021 A"]
[Site "Klaipeda"]
[Date "2021.07.21"]
[Round "3.7"]
[White "Zirnovas, Martynas"]
[Black "Barsciauskas, Gintautas"]
[Result "1-0"]
[WhiteElo "1834"]
[BlackElo "1611"]
[PlyCount "59"]
[EventDate "2021.07.19"]
[EventRounds "7"]
[EventCountry "LTU"]

1. e4 e6 2. d4 d5 3. Nc3 dxe4 4. Nxe4 b6 5. Bb5+ c6 6. Bd3 Bb7 7. Nf3 Nd7 8.
O-O Ngf6 9. Neg5 h6 10. Nxe6 fxe6 11. Bg6+ Ke7 12. Nh4 Qc7 13. Re1 Kd8 14. Rxe6
Bd6 15. Qe2 c5 16. Nf5 Bxh2+ 17. Kh1 Bd5 18. Re7 Bd6 19. Rxg7 Kc8 20. Nxd6+
Qxd6 21. c4 Qe6 22. Qxe6 Bxe6 23. d5 Bg8 24. Bf5 Kd8 25. Bf4 Bh7 26. Be6 Bd3
27. Bd6 Bxc4 28. Be7+ Ke8 29. Re1 Bb5 30. Bf7# 1-0

[Event "Sea festival 2021 A"]
[Site "Klaipeda"]
[Date "2021.07.22"]
[Round "4.1"]
[White "Salna, Aleksandras"]
[Black "Pidluznij, Gleb"]
[Result "1-0"]
[WhiteElo "2166"]
[BlackElo "2017"]
[PlyCount "153"]
[EventDate "2021.07.19"]
[EventRounds "7"]
[EventCountry "LTU"]

1. d4 Nf6 2. c4 c5 3. d5 b5 4. cxb5 a6 5. bxa6 g6 6. Nc3 Bg7 7. e4 Qa5 8. Bd2
d6 9. Nb5 Qb6 10. a7 Na6 11. f3 O-O 12. Bc4 Nc7 13. Nxc7 Qxc7 14. Bc3 Nd7 15.
Ne2 Rxa7 16. O-O Ba6 17. Bxa6 Rxa6 18. Bxg7 Kxg7 19. Qc2 Qa7 20. Nc3 Rb8 21.
Kh1 c4 22. f4 Nc5 23. a4 Nd3 24. Nb5 Qe3 25. Qxc4 Nf2+ 26. Rxf2 Qxf2 27. b3 Qb2
28. Rf1 Ra5 29. h3 Rbxb5 30. axb5 Ra2 31. Rg1 Ra3 32. Qc7 Rxb3 33. Qxe7 Qf6 34.
Qxf6+ Kxf6 35. Ra1 Rxb5 36. Ra6 Ke7 37. Ra7+ Ke8 38. Ra4 Rb3 39. Kg1 h5 40. Kf2
Rd3 41. Ke2 Rg3 42. Kf2 Rd3 43. Ra2 Kd7 44. Re2 Ke7 45. Re3 Rd2+ 46. Kf3 Kf6
47. Ra3 Ke7 48. g3 Ke8 49. h4 Ke7 50. Ke3 Rg2 51. Kd4 Rd2+ 52. Rd3 Ra2 53. e5
Ra4+ 54. Ke3 Ra5 55. Ke4 Ra4+ 56. Rd4 Ra1 57. Rd3 Ra4+ 58. Kf3 Ra5 59. g4 dxe5
60. fxe5 Ra4 61. gxh5 gxh5 62. Rb3 Rxh4 63. Rb7+ Ke8 64. Rb8+ Kd7 65. Ke3 Ra4
66. Rf8 Ke7 67. Rh8 h4 68. d6+ Kd7 69. Rf8 f5 70. Rf7+ Ke8 71. Rxf5 h3 72. e6
Ra1 73. d7+ Ke7 74. Rf7+ Kxe6 75. d8=Q Ra3+ 76. Kf2 Kxf7 77. Qd7+ 1-0

[Event "Sea festival 2021 A"]
[Site "Klaipeda"]
[Date "2021.07.22"]
[Round "4.2"]
[White "Gluchaciov, Nikolaj"]
[Black "Sibajeva, Marija"]
[Result "0-1"]
[WhiteElo "1714"]
[BlackElo "1933"]
[PlyCount "94"]
[EventDate "2021.07.19"]
[EventRounds "7"]
[EventCountry "LTU"]

1. e4 d5 2. exd5 Qxd5 3. Nc3 Qa5 4. b4 Qxb4 5. Rb1 Qd6 6. d4 c6 7. Bc4 Nf6 8.
Nge2 b5 9. Bf4 Qd8 10. Bxb5 cxb5 11. Nxb5 Nd5 12. Bg3 a6 13. Nbc3 Nc6 14. Nxd5
Qxd5 15. O-O Bg4 16. f3 Bf5 17. Rb3 e6 18. Bf2 Be7 19. g4 Bg6 20. f4 O-O 21.
Re3 Qxa2 22. c3 Qc2 23. Qa1 Rfb8 24. Ng3 Rb1 25. Rxb1 Qxb1+ 26. Qxb1 Bxb1 27.
Re1 Bd3 28. f5 Bc4 29. Ne4 exf5 30. gxf5 f6 31. Nd2 Bf7 32. Rb1 a5 33. Rb6 Nd8
34. c4 Bb4 35. Be3 Bxd2 36. Bxd2 Bxc4 37. Bc1 Bd3 38. d5 Bxf5 39. Kf2 Nf7 40.
Ba3 Ne5 41. Rb7 a4 42. Rc7 Rc8 43. Ra7 Rc2+ 44. Ke1 Nf3+ 45. Kd1 Rd2+ 46. Kc1
Rxd5 47. Rxa4 Nxh2 0-1

[Event "Sea festival 2021 A"]
[Site "Klaipeda"]
[Date "2021.07.22"]
[Round "4.4"]
[White "Leclere, Daniel"]
[Black "Zirnovas, Martynas"]
[Result "1/2-1/2"]
[WhiteElo "1792"]
[BlackElo "1834"]
[PlyCount "120"]
[EventDate "2021.07.19"]
[EventRounds "7"]
[EventCountry "LTU"]

1. e4 c5 2. Nf3 Nc6 3. Bb5 g6 4. Bxc6 dxc6 5. d3 Bg7 6. h3 Nf6 7. Nc3 O-O 8.
O-O e5 9. Nxe5 Nxe4 10. Nxe4 Bxe5 11. Nxc5 Qh4 12. Qd2 f5 13. c3 f4 14. f3 Bc7
15. b4 Bf5 16. Bb2 Rad8 17. c4 Rfe8 18. Rfe1 Kf7 19. Qc3 Rg8 20. Re2 Bb6 21.
Rae1 Rxd3 22. Qe5 Re3 23. Rxe3 fxe3 24. Rxe3 Qd8 25. Kh1 Bc7 26. Qc3 Qd1+ 27.
Re1 Qd6 28. f4 Bc8 29. Nd3 Bd8 30. Ne5+ Kf8 31. Qe3 Bf6 32. c5 Qe7 33. Qc3 Be6
34. Nd7+ Bxd7 35. Qxf6+ Qxf6 36. Bxf6 Kf7 37. Re7+ Kxf6 38. Rxd7 Kf5 39. Rxb7
Kxf4 40. Rxa7 Rb8 41. a3 h5 42. Kh2 g5 43. Rc7 g4 44. hxg4 hxg4 45. g3+ Kf3 46.
Rf7+ Ke3 47. Rf4 Ra8 48. Rxg4 Rxa3 49. Rg6 Rb3 50. Rxc6 Rxb4 51. Ra6 Rc4 52. c6
Ke4 53. Kh3 Kf5 54. g4+ Kg5 55. Ra5+ Kg6 56. Ra6 Kg5 57. Kg3 Rc3+ 58. Kf2 Kxg4
59. Ke2 Kf4 60. Kd2 Rc5 1/2-1/2

[Event "Sea festival 2021 A"]
[Site "Klaipeda"]
[Date "2021.07.22"]
[Round "4.5"]
[White "Galuscak, Viktoras"]
[Black "Scekaciov, Rostislav"]
[Result "0-1"]
[WhiteElo "1883"]
[BlackElo "1644"]
[PlyCount "80"]
[EventDate "2021.07.19"]
[EventRounds "7"]
[EventCountry "LTU"]

1. e4 c6 2. d4 d5 3. Nc3 dxe4 4. Nxe4 Bf5 5. Ng3 Bg6 6. Bc4 Nd7 7. N1e2 Ngf6 8.
Nf4 e6 9. c3 Be7 10. Bxe6 fxe6 11. Nxe6 Qa5 12. O-O Kf7 13. b4 Qb6 14. Ng5+ Kf8
15. Ne6+ Kf7 16. Ng5+ Kf8 17. Qf3 h6 18. Ne6+ Kf7 19. Re1 Bd6 20. Nf5 Bxf5 21.
Qxf5 Rhe8 22. Bd2 Re7 23. Nc5 Rae8 24. Nxd7 Rxd7 25. Rxe8 Kxe8 26. Qe6+ Be7 27.
Re1 Qc7 28. Bxh6 Rd6 29. Qf5 gxh6 30. Qg6+ Kd8 31. Qxh6 Qd7 32. Qh8+ Kc7 33.
Qa8 Re6 34. Rf1 a6 35. Qa7 Bd6 36. h3 Nd5 37. c4 Nf4 38. c5 Nxh3+ 39. Kh1 Nxf2+
40. Kg1 Bg3 0-1

[Event "Sea festival 2021 A"]
[Site "Klaipeda"]
[Date "2021.07.22"]
[Round "4.6"]
[White "Vaiciunas, Giedrius"]
[Black "Pakalniskis, Romas"]
[Result "1-0"]
[WhiteElo "1475"]
[BlackElo "1563"]
[PlyCount "65"]
[EventDate "2021.07.19"]
[EventRounds "7"]
[EventCountry "LTU"]

1. d4 Nf6 2. c4 e6 3. Nc3 d5 4. cxd5 exd5 5. Bg5 c6 6. e3 Be7 7. Bd3 Nbd7 8.
Nge2 h6 9. Bh4 O-O 10. Qd2 Re8 11. O-O Nf8 12. f3 Be6 13. Bf2 Qd7 14. Rfb1 Bf5
15. Ng3 Bxd3 16. Qxd3 Bd6 17. b4 b5 18. a4 a6 19. a5 Ne6 20. e4 Bxg3 21. hxg3
dxe4 22. Nxe4 Nxe4 23. fxe4 Ng5 24. Re1 Re6 25. Rad1 Rae8 26. e5 Qd5 27. Be3
Nh7 28. Bf2 f5 29. exf6 Nxf6 30. Rxe6 Rxe6 31. Rf1 Re4 32. Re1 Ng4 33. Qxe4 1-0

[Event "Sea festival 2021 A"]
[Site "Klaipeda"]
[Date "2021.07.22"]
[Round "4.7"]
[White "Michailov, Andrej"]
[Black "Sevcenko, Piotr"]
[Result "1-0"]
[WhiteElo "1645"]
[BlackElo "1162"]
[PlyCount "73"]
[EventDate "2021.07.19"]
[EventRounds "7"]
[EventCountry "LTU"]

1. c4 b6 2. d4 Bb7 3. Nc3 Nf6 4. Qc2 Nc6 5. Nf3 e6 6. a3 Be7 7. e4 d6 8. Bd3 h6
9. O-O O-O 10. b4 Nb8 11. Bb2 Nbd7 12. Ne2 Rc8 13. Ng3 a6 14. Nd2 c6 15. f4 d5
16. e5 Ne8 17. c5 f5 18. exf6 Nexf6 19. h3 bxc5 20. dxc5 Qc7 21. Rae1 Ne4 22.
Ndxe4 dxe4 23. Rxe4 Bh4 24. Nh5 Nf6 25. Nxf6+ Bxf6 26. Bc4 Bxb2 27. Bxe6+ Kh8
28. Bxc8 Bxc8 29. Qxb2 Bf5 30. Qe5 Qf7 31. Ree1 Qg6 32. Rf3 Bc2 33. Qd6 Rf6 34.
Qd8+ Kh7 35. Re8 Qf7 36. Rg3 g5 37. Re7 1-0

[Event "Sea festival 2021 A"]
[Site "Klaipeda"]
[Date "2021.07.22"]
[Round "4.8"]
[White "Barsciauskas, Gintautas"]
[Black "Januseviciute, Donata"]
[Result "1/2-1/2"]
[WhiteElo "1611"]
[BlackElo "1505"]
[PlyCount "118"]
[EventDate "2021.07.19"]
[EventRounds "7"]
[EventCountry "LTU"]

1. d4 d5 2. Bf4 Nf6 3. e3 Bf5 4. Bd3 Bxd3 5. Qxd3 c6 6. Nf3 Nbd7 7. O-O e6 8.
b3 Ne4 9. Nfd2 Ndf6 10. f3 Nxd2 11. Nxd2 Bd6 12. Bxd6 Qxd6 13. e4 dxe4 14. fxe4
Qc7 15. c4 O-O 16. Nf3 Rad8 17. e5 Ne8 18. Qe4 Qe7 19. Rae1 h6 20. Rf2 Nc7 21.
h4 f6 22. g4 fxe5 23. dxe5 Qf7 24. Kg2 Qf4 25. Qg6 Qf7 26. Qc2 Qf4 27. Re4 Qf7
28. Ree2 Qe7 29. Kg3 Rf7 30. g5 Rf5 31. Re4 Qf7 32. Qe2 h5 33. Rg2 Rf8 34. Nh2
Rf4 35. Qe3 Rxe4 36. Qxe4 Qf5 37. Qe3 Rd8 38. Rf2 Qd3 39. Qxd3 Rxd3+ 40. Nf3 b5
41. Rd2 bxc4 42. bxc4 Rxd2 43. Nxd2 Kf7 44. Ne4 Kg6 45. Kf4 Na6 46. a3 Nc7 47.
Nd6 a6 48. Ke4 Na8 49. Nc8 c5 50. Kf4 a5 51. Ke4 a4 52. Kf4 Kf7 53. Nd6+ Kg6
54. Ke4 Nb6 55. Kf4 Kh7 56. Ne4 Nxc4 57. Nxc5 Nxa3 58. Nxa4 Nb5 59. Nc5 Nc7
1/2-1/2

[Event "Sea festival 2021 A"]
[Site "Klaipeda"]
[Date "2021.07.23"]
[Round "5.1"]
[White "Scekaciov, Rostislav"]
[Black "Salna, Aleksandras"]
[Result "0-1"]
[WhiteElo "1644"]
[BlackElo "2166"]
[PlyCount "92"]
[EventDate "2021.07.19"]
[EventRounds "7"]
[EventCountry "LTU"]

1. Nf3 d5 2. g3 Nd7 3. d4 Nb6 4. Bg2 Bf5 5. O-O e6 6. Nbd2 Nf6 7. b3 Ne4 8. Bb2
Bb4 9. Nxe4 Bxe4 10. Rc1 Be7 11. Re1 O-O 12. Nd2 Bxg2 13. Kxg2 Bf6 14. c4 c5
15. Nf3 dxc4 16. bxc4 Rc8 17. e3 cxd4 18. c5 Nd7 19. exd4 Nb8 20. Qb3 Rc7 21.
Red1 Rd7 22. Rc2 Qc7 23. Rcd2 Rd5 24. Bc3 Rfd8 25. a4 Nc6 26. Qb2 R8d7 27. Re1
Qd8 28. Red1 h6 29. h3 g6 30. g4 Kh7 31. Kg1 Qh8 32. Kg2 Kg8 33. Qa1 h5 34. Qb2
Qh6 35. Kg3 Bd8 36. Re1 Bc7+ 37. Kg2 hxg4 38. hxg4 Qf4 39. Rd3 Qxg4+ 40. Kf1
Qh3+ 41. Ke2 Ne5 42. Nxe5 Rxe5+ 43. Re3 Qh5+ 44. Kd2 Rxc5 45. Kc2 Qf5+ 46. Kd1
Bf4 0-1